00729nam a2200181 a 450000100100000000500170001000800410002704000250006808200180009310000520011124501090016326000920027230000280036450000620039265000270045465000290048170000370051000003435220200930073644.0111003s1977 ss a 000 j spa d aDO-SdBNPbspacBNPHU aS863.4bS161c1 aSalarruéd1899-1975qSalvador Salazar Arrué10aCuentos de barro /cSalvador Salazar Arrué (Salarrué) ; ilustraciones de Antonio Flores Hernández. aSan Salvador :bMinisterio de Educación, Dirección General de Publicaciones,c1977. a208 p. :bil. ;c19 cm. aIncluye datos biográficos del autor en la contraportada 4aCuentos salvadoreños 4aLiteratura salvadoreña12aFlores Hernández, Antonioeil.